[Event "dgcs"]
[Site "Ostrow Wielkopolski"]
[Date "2019.10.04"]
[Round "7.5"]
[White "Czyz, Andrzej"]
[Black "Lewandowski, Krzysztof"]
[Result "0-1"]
[BlackElo "2081"]
[WhiteElo "1773"]
[LiveChessVersion "1.4.8"]

1. d4 {[%clk 0:10:04]} Nf6 {[%clk 0:10:04]} 2. c4 {[%clk 0:10:04]} g6
{[%clk 0:10:05]} 3. Nc3 {[%clk 0:10:05]} Bg7 {[%clk 0:10:06]} 4. e4
{[%clk 0:10:05]} d6 {[%clk 0:10:08]} 5. f3 {[%clk 0:10:05]} O-O {[%clk 0:10:08]}
6. Be3 {[%clk 0:10:07]} Nc6 {[%clk 0:10:08]} 7. Nge2 {[%clk 0:10:07]} a6
{[%clk 0:10:09]} 8. Qd2 {[%clk 0:10:09]} Rb8 {[%clk 0:10:10]} 9. Nc1
{[%clk 0:10:10]} e5 {[%clk 0:10:11]} 10. d5 {[%clk 0:10:11]} Nd4 {[%clk 0:10:11]}
11. N1e2 {[%clk 0:10:09]} c5 {[%clk 0:10:13]} 12. dxc6 {[%clk 0:10:10]} bxc6
{[%clk 0:10:14]} 13. Bxd4 {[%clk 0:08:44]} exd4 {[%clk 0:10:15]} 14. Nxd4
{[%clk 0:08:43]} Qb6 {[%clk 0:08:42]} 15. O-O-O {[%clk 0:08:38]} Nd7
{[%clk 0:07:59]} 16. b3 {[%clk 0:07:27]} Ne5 {[%clk 0:06:36]} 17. Be2
{[%clk 0:06:48]} c5 {[%clk 0:04:55]} 18. Nd5 {[%clk 0:05:32]} Qb7
{[%clk 0:04:38]} 19. Nc2 {[%clk 0:05:33]} Be6 {[%clk 0:04:33]} 20. g4
{[%clk 0:05:29]} a5 {[%clk 0:04:25]} 21. Nc3 {[%clk 0:04:21]} Bxc4
{[%clk 0:03:59]} 22. Ne3 {[%clk 0:02:47]} Bxb3 {[%clk 0:03:41]} 23. axb3
{[%clk 0:02:14]} Qxb3 {[%clk 0:03:42]} 24. Qc2 {[%clk 0:02:13]} Qa3+
{[%clk 0:03:38]} 25. Kd2 {[%clk 0:02:14]} Rb2 {[%clk 0:03:40]} 26. Ra1
{[%clk 0:01:57]} Rxc2+ {[%clk 0:03:33]} 27. Kxc2 {[%clk 0:01:43]} Qb4
{[%clk 0:03:25]} 28. Ra4 {[%clk 0:01:27]} Qb8 {[%clk 0:03:09]} 29. Rb1
{[%clk 0:01:29]} Qd8 {[%clk 0:03:09]} 30. Ncd5 {[%clk 0:01:27]} Nc6
{[%clk 0:03:07]} 31. Rb6 {[%clk 0:01:10]} Nb4+ {[%clk 0:02:54]} 32. Kd2
{[%clk 0:00:59]} Qg5 {[%clk 0:02:30]} 33. f4 {[%clk 0:01:00]} Qh4
{[%clk 0:02:31]} 34. Rxa5 Bd4 {[%clk 0:02:17]} 35. Rxd6 {[%clk 0:00:20]} Nxd5
{[%clk 0:01:41]} 36. Nxd5 {[%clk 0:00:21]} Rb8 {[%clk 0:01:40]} 37. Bb5
{[%clk 0:00:17]} Qxh2+ {[%clk 0:01:27]} 38. Kd3 {[%clk 0:00:19]} Qg3+
{[%clk 0:01:21]} 39. Kc4 {[%clk 0:00:20]} Qxg4 {[%clk 0:00:50]} 40. Ne7+
{[%clk 0:00:13]} Kf8 {[%clk 0:00:44]} 41. Bd7 0-1

[Event "dgcs"]
[Site "Ostrow Wielkopolski"]
[Date "2019.10.04"]
[Round "7.6"]
[White "Pieczewski, Szymon"]
[Black "Delega, Tomasz"]
[Result "0-1"]
[BlackElo "2004"]
[WhiteElo "1744"]
[LiveChessVersion "1.4.8"]

1. c4 {[%clk 0:10:04]} e5 {[%clk 0:10:02]} 2. Nc3 {[%clk 0:10:05]} Nc6
{[%clk 0:10:03]} 3. g3 {[%clk 0:10:06]} f5 {[%clk 0:10:03]} 4. Bg2
{[%clk 0:10:07]} Nf6 {[%clk 0:10:05]} 5. d3 {[%clk 0:09:50]} Bb4 {[%clk 0:09:51]}
6. a3 {[%clk 0:09:31]} Bxc3+ {[%clk 0:09:51]} 7. bxc3 {[%clk 0:09:33]} O-O
{[%clk 0:09:42]} 8. Nf3 {[%clk 0:09:33]} e4 {[%clk 0:08:04]} 9. Nd4
{[%clk 0:09:33]} Nxd4 {[%clk 0:07:54]} 10. cxd4 {[%clk 0:09:34]} d5
{[%clk 0:07:38]} 11. cxd5 {[%clk 0:09:18]} Qxd5 {[%clk 0:07:33]} 12. O-O
{[%clk 0:09:11]} Qxd4 {[%clk 0:07:28]} 13. Qb3+ {[%clk 0:08:45]} Kh8
{[%clk 0:07:17]} 14. Bb2 {[%clk 0:08:17]} Qd6 {[%clk 0:06:20]} 15. Rad1
{[%clk 0:08:06]} Qe6 {[%clk 0:05:18]} 16. Qb4 Re8 17. Bxf6 {[%clk 0:07:44]} Qxf6
{[%clk 0:04:47]} 18. dxe4 {[%clk 0:07:39]} fxe4 {[%clk 0:04:36]} 19. Bxe4 c5
{[%clk 0:03:36]} 20. Qb1 {[%clk 0:07:33]} Bh3 21. Rfe1 {[%clk 0:06:38]} Rf8
{[%clk 0:02:45]} 22. f3 Qb6 23. Bxb7 {[%clk 0:05:06]} Rab8 {[%clk 0:02:07]} 24.
Be4 Qh6 {[%clk 0:01:40]} 25. Qc2 {[%clk 0:04:32]} Qe3+ {[%clk 0:01:15]} 26. Kh1
{[%clk 0:03:32]} Rbe8 {[%clk 0:00:58]} 27. Qd2 Rxe4 {[%clk 0:00:59]} 28. Qxe3
{[%clk 0:03:14]} Rxe3 {[%clk 0:01:00]} 29. Kg1 {[%clk 0:03:10]} Rxa3 30. Rd2 h6
{[%clk 0:00:53]} 31. Kf2 {[%clk 0:02:45]} Be6 32. h4 {[%clk 0:02:32]} c4
{[%clk 0:00:55]} 33. Rd6 {[%clk 0:02:24]} Bg8 34. g4 {[%clk 0:02:15]} Rc8
{[%clk 0:00:47]} 35. g5 {[%clk 0:02:12]} Kh7 {[%clk 0:00:42]} 36. h5
{[%clk 0:02:03]} hxg5 {[%clk 0:00:42]} 37. Rg1 {[%clk 0:02:04]} c3
{[%clk 0:00:43]} 38. Rxg5 {[%clk 0:01:57]} Rc7 {[%clk 0:00:28]} 39. h6
{[%clk 0:01:53]} gxh6 {[%clk 0:00:26]} 40. Rh5 Bf7 {[%clk 0:00:22]} 41. Rdxh6+
{[%clk 0:01:46]} Kg7 {[%clk 0:00:24]} 42. Rh7+ {[%clk 0:01:44]} Kf6
{[%clk 0:00:25]} 43. R5h6+ {[%clk 0:01:37]} Ke7 {[%clk 0:00:27]} 0-1

[Event "dgcs"]
[Site "Ostrow Wielkopolski"]
[Date "2019.10.04"]
[Round "8.1"]
[White "Budrewicz, Krzysztof"]
[Black "Plichta, Kamil"]
[Result "0-1"]
[BlackElo "2409"]
[WhiteElo "2336"]
[LiveChessVersion "1.4.8"]

1. d4 {[%clk 0:10:05]} g6 {[%clk 0:10:05]} 2. c4 {[%clk 0:10:05]} Bg7
{[%clk 0:10:07]} 3. Nc3 {[%clk 0:10:07]} d6 {[%clk 0:10:09]} 4. e4
{[%clk 0:10:08]} Nf6 {[%clk 0:10:11]} 5. Be2 {[%clk 0:10:07]} O-O
{[%clk 0:10:12]} 6. Nf3 {[%clk 0:10:08]} e5 {[%clk 0:10:14]} 7. Be3
{[%clk 0:10:09]} exd4 {[%clk 0:10:17]} 8. Nxd4 {[%clk 0:10:11]} Re8
{[%clk 0:10:19]} 9. f3 {[%clk 0:09:31]} c6 {[%clk 0:10:21]} 10. Nc2 Na6
{[%clk 0:10:06]} 11. O-O {[%clk 0:09:28]} d5 {[%clk 0:10:08]} 12. cxd5 cxd5 13.
Nxd5 {[%clk 0:07:34]} Nxd5 {[%clk 0:10:09]} 14. Qxd5 {[%clk 0:07:36]} Qxd5
{[%clk 0:09:59]} 15. exd5 {[%clk 0:07:38]} Bf5 {[%clk 0:08:59]} 16. Bb5
{[%clk 0:06:34]} Re5 {[%clk 0:08:53]} 17. f4 Rxd5 18. Bc4 {[%clk 0:05:43]} Rdd8
{[%clk 0:08:55]} 19. Bxa6 {[%clk 0:05:26]} bxa6 {[%clk 0:08:54]} 20. Nb4
{[%clk 0:05:28]} Re8 {[%clk 0:08:14]} 21. Bf2 Re4 {[%clk 0:08:01]} 22. Nxa6
{[%clk 0:05:12]} Rxf4 23. Nc7 {[%clk 0:04:23]} Rb8 {[%clk 0:07:31]} 24. Rad1 Ra4
{[%clk 0:07:08]} 25. Nd5 {[%clk 0:04:09]} Be6 {[%clk 0:06:55]} 26. Nc3 Ra6
{[%clk 0:06:12]} 27. Rd2 {[%clk 0:03:50]} h5 {[%clk 0:06:14]} 28. Be3
{[%clk 0:03:42]} Kh7 {[%clk 0:05:28]} 29. h3 {[%clk 0:03:23]} Rb7
{[%clk 0:05:20]} 30. Rc1 Bxa2 31. Ne4 {[%clk 0:02:27]} f6 {[%clk 0:03:56]} 32.
Nc5 {[%clk 0:02:05]} Rc6 {[%clk 0:03:57]} 33. b4 {[%clk 0:02:05]} Bg8 34. Ra1
{[%clk 0:01:56]} Re7 {[%clk 0:03:50]} 35. Bf2 {[%clk 0:01:53]} f5
{[%clk 0:03:48]} 36. Rd7 {[%clk 0:01:44]} Rxd7 {[%clk 0:03:50]} 37. Nxd7
{[%clk 0:01:46]} Bxa1 {[%clk 0:03:51]} 0-1

[Event "dgcs"]
[Site "Ostrow Wielkopolski"]
[Date "2019.10.04"]
[Round "8.2"]
[White "Dudzinski, Pawel"]
[Black "Janaszak, Dawid"]
[Result "1-0"]
[BlackElo "2256"]
[WhiteElo "2188"]
[LiveChessVersion "1.4.8"]

1. e4 {[%clk 0:10:05]} c5 {[%clk 0:10:06]} 2. Nc3 {[%clk 0:10:08]} a6
{[%clk 0:10:08]} 3. g3 {[%clk 0:10:10]} b5 {[%clk 0:10:08]} 4. Bg2
{[%clk 0:10:12]} Bb7 {[%clk 0:10:10]} 5. d3 {[%clk 0:10:10]} e6 {[%clk 0:10:12]}
6. Nge2 {[%clk 0:10:09]} Nf6 {[%clk 0:10:04]} 7. O-O {[%clk 0:10:09]} d5
{[%clk 0:09:58]} 8. e5 {[%clk 0:10:09]} Nfd7 {[%clk 0:09:57]} 9. f4
{[%clk 0:10:11]} Be7 {[%clk 0:09:55]} 10. h4 {[%clk 0:10:08]} Nc6
{[%clk 0:09:27]} 11. Kh2 {[%clk 0:10:00]} O-O {[%clk 0:09:13]} 12. Bh3
{[%clk 0:09:52]} b4 {[%clk 0:08:49]} 13. Nb1 {[%clk 0:09:40]} Kh8
{[%clk 0:08:48]} 14. Nd2 {[%clk 0:09:34]} f6 {[%clk 0:08:48]} 15. Bxe6
{[%clk 0:09:29]} fxe5 {[%clk 0:08:42]} 16. Bxd5 {[%clk 0:09:31]} Nf6
{[%clk 0:07:36]} 17. Bf3 {[%clk 0:09:33]} Qd7 {[%clk 0:07:30]} 18. Ne4
{[%clk 0:09:30]} Bc8 {[%clk 0:07:02]} 19. Nf2 {[%clk 0:09:27]} Rb8
{[%clk 0:06:53]} 20. Be3 {[%clk 0:08:49]} Bd6 {[%clk 0:06:04]} 21. Qd2
{[%clk 0:08:46]} Nd4 {[%clk 0:05:56]} 22. Bxd4 {[%clk 0:08:43]} cxd4
{[%clk 0:05:55]} 23. Rae1 {[%clk 0:08:15]} a5 {[%clk 0:04:52]} 24. fxe5
{[%clk 0:07:35]} Bxe5 25. Nf4 Qc7 {[%clk 0:03:58]} 26. Kg2 {[%clk 0:06:03]} Bd7
{[%clk 0:03:52]} 27. Ne4 {[%clk 0:05:42]} Bxf4 {[%clk 0:03:41]} 28. Qxf4
{[%clk 0:05:40]} Qxc2+ {[%clk 0:03:00]} 29. Re2 {[%clk 0:05:42]} Qc8
{[%clk 0:02:41]} 30. Nd6 {[%clk 0:05:22]} Bh3+ {[%clk 0:02:38]} 31. Kh2
{[%clk 0:05:13]} Qd7 {[%clk 0:02:37]} 32. Nf7+ Qxf7 {[%clk 0:02:07]} 33. Kxh3
{[%clk 0:04:52]} Rbe8 {[%clk 0:01:46]} 34. Rxe8 {[%clk 0:04:42]} Rxe8
{[%clk 0:01:48]} 35. Qxd4 {[%clk 0:03:51]} Qxa2 {[%clk 0:01:49]} 36. Kg2
{[%clk 0:03:20]} Qb3 {[%clk 0:01:44]} 37. Rf2 {[%clk 0:03:12]} a4
{[%clk 0:01:43]} 38. Bc6 {[%clk 0:03:04]} Rf8 {[%clk 0:01:32]} 39. Bd5
{[%clk 0:02:49]} Qd1 {[%clk 0:01:26]} 40. Qxb4 {[%clk 0:02:46]} Re8
{[%clk 0:01:03]} 41. Bc6 {[%clk 0:02:07]} Rc8 {[%clk 0:00:45]} 42. Qd6
{[%clk 0:01:55]} Ng8 {[%clk 0:00:13]} 43. Qd7 {[%clk 0:01:29]} Rb8
{[%clk 0:00:09]} 44. Bxa4 {[%clk 0:01:30]} Qe1 {[%clk 0:00:07]} 45. Qd6
{[%clk 0:00:56]} Ra8 {[%clk 0:00:05]} 46. b3 {[%clk 0:00:56]} Rc8
{[%clk 0:00:04]} 47. Bc6 {[%clk 0:00:33]} Re8 {[%clk 0:00:04]} 48. Bxe8
{[%clk 0:00:34]} Qxe8 49. d4 {[%clk 0:00:28]} Qa8+ {[%clk 0:00:08]} 50. d5
{[%clk 0:00:29]} Qb7 51. Qe6 {[%clk 0:00:22]} Qxb3 {[%clk 0:00:12]} 52. Rf8
{[%clk 0:00:20]} Qc2+ {[%clk 0:00:14]} 53. Kh3 {[%clk 0:00:20]} 1-0

[Event "dgcs"]
[Site "Ostrow Wielkopolski"]
[Date "2019.10.04"]
[Round "8.3"]
[White "Krzywda, Andrzej"]
[Black "Jedynak, Radoslaw"]
[Result "1-0"]
[BlackElo "2382"]
[WhiteElo "2067"]
[LiveChessVersion "1.4.8"]

1. d4 {[%clk 0:10:05]} e6 {[%clk 0:10:05]} 2. c4 {[%clk 0:10:07]} Nf6
{[%clk 0:10:03]} 3. g3 {[%clk 0:10:07]} d5 {[%clk 0:10:04]} 4. Nf3
{[%clk 0:10:06]} dxc4 {[%clk 0:10:00]} 5. Bg2 {[%clk 0:10:05]} Bb4+
{[%clk 0:09:47]} 6. Nbd2 {[%clk 0:09:58]} Nc6 {[%clk 0:09:41]} 7. O-O
{[%clk 0:09:33]} O-O {[%clk 0:09:38]} 8. Nxc4 {[%clk 0:09:29]} Be7
{[%clk 0:08:33]} 9. b3 {[%clk 0:09:05]} Nd5 {[%clk 0:08:32]} 10. Bb2
{[%clk 0:09:04]} Bf6 {[%clk 0:08:18]} 11. Rc1 {[%clk 0:08:28]} Nb6 12. Qd3
{[%clk 0:07:50]} Re8 {[%clk 0:08:02]} 13. Rfd1 {[%clk 0:07:29]} Rb8
{[%clk 0:07:31]} 14. a3 {[%clk 0:06:58]} Be7 {[%clk 0:07:02]} 15. b4 Bf8 16. h4
{[%clk 0:06:12]} Nxc4 {[%clk 0:05:27]} 17. Qxc4 {[%clk 0:06:10]} a6
{[%clk 0:05:28]} 18. Ne5 {[%clk 0:05:47]} Bd7 19. Nxc6 {[%clk 0:04:58]} Bxc6
{[%clk 0:05:01]} 20. Bxc6 {[%clk 0:04:57]} bxc6 {[%clk 0:05:03]} 21. Qxa6
{[%clk 0:04:49]} Rb6 {[%clk 0:05:05]} 22. Qc4 {[%clk 0:04:27]} Qa8
{[%clk 0:04:50]} 23. Qd3 Qa4 {[%clk 0:04:44]} 24. Qf3 {[%clk 0:04:23]} Ra8 25. h5
{[%clk 0:04:19]} h6 {[%clk 0:04:18]} 26. Rd3 {[%clk 0:04:05]} Rd8 27. Qg4
{[%clk 0:03:42]} Rd5 {[%clk 0:04:08]} 28. e4 {[%clk 0:03:35]} Rg5
{[%clk 0:04:09]} 29. Qd1 {[%clk 0:03:10]} Qb5 {[%clk 0:04:11]} 30. f4
{[%clk 0:01:50]} Rxh5 31. e5 {[%clk 0:00:52]} g6 {[%clk 0:03:52]} 32. Qf3 Rf5
{[%clk 0:03:00]} 33. Qe4 {[%clk 0:00:47]} h5 {[%clk 0:02:59]} 34. Rdc3
{[%clk 0:00:46]} g5 {[%clk 0:02:51]} 35. fxg5 {[%clk 0:00:38]} Rxg5
{[%clk 0:02:51]} 36. Rf1 Rg7 {[%clk 0:01:02]} 37. Bc1 {[%clk 0:00:31]} Qd5
{[%clk 0:01:00]} 38. Qxd5 {[%clk 0:00:32]} exd5 {[%clk 0:00:57]} 39. Rf6
{[%clk 0:00:20]} Rg6 {[%clk 0:00:52]} 40. Rcf3 {[%clk 0:00:17]} Rxf6
{[%clk 0:00:42]} 41. Rxf6 {[%clk 0:00:19]} Ra6 {[%clk 0:00:22]} 42. Kg2
{[%clk 0:00:16]} Be7 {[%clk 0:00:18]} 43. Rf5 {[%clk 0:00:17]} h4
{[%clk 0:00:20]} 44. g4 {[%clk 0:00:20]} Kg7 {[%clk 0:00:22]} 45. Kh3
{[%clk 0:00:16]} Ra8 {[%clk 0:00:24]} 46. Rf3 {[%clk 0:00:16]} Kg6
{[%clk 0:00:26]} 47. Bd2 {[%clk 0:00:17]} Kg7 {[%clk 0:00:26]} 48. Be1
{[%clk 0:00:18]} Kg6 {[%clk 0:00:28]} 49. Bf2 {[%clk 0:00:19]} Kg7
{[%clk 0:00:29]} 50. Be1 {[%clk 0:00:21]} Kg6 {[%clk 0:00:31]} 51. Bd2
{[%clk 0:00:22]} Kg7 {[%clk 0:00:33]} 52. Rc3 {[%clk 0:00:23]} Ra6
{[%clk 0:00:33]} 53. g5 {[%clk 0:00:21]} Kg6 {[%clk 0:00:35]} 54. Kg4
{[%clk 0:00:16]} Bf8 55. Rf3 {[%clk 0:00:14]} Be7 {[%clk 0:00:30]} 56. Kxh4
{[%clk 0:00:15]} Ra8 {[%clk 0:00:33]} 57. Rc3 {[%clk 0:00:14]} Ra6
{[%clk 0:00:35]} 58. Kg4 Rb6 59. Bf4 {[%clk 0:00:17]} Ra6 {[%clk 0:00:40]} 60.
Be3 {[%clk 0:00:19]} Rb6 {[%clk 0:00:43]} 61. Bf2 Ra6 62. Be1 {[%clk 0:00:23]}
Rb6 {[%clk 0:00:48]} 63. Bd2 Ra6 64. Bf4 {[%clk 0:00:27]} Bd8 {[%clk 0:00:51]}
65. Rh3 {[%clk 0:00:27]} Be7 {[%clk 0:00:53]} 66. Rh6+ {[%clk 0:00:19]} Kg7
{[%clk 0:00:55]} 67. Rh3 {[%clk 0:00:18]} Kg6 {[%clk 0:00:57]} 68. Rc3
{[%clk 0:00:22]} Kg7 {[%clk 0:01:01]} 69. Be3 {[%clk 0:00:22]} Bf8
{[%clk 0:01:04]} 70. Bc1 Kg8 71. Rh3 {[%clk 0:00:14]} Kg7 {[%clk 0:01:13]} 72.
Bb2 {[%clk 0:00:13]} Kg8 {[%clk 0:01:15]} 73. Rg3 {[%clk 0:00:16]} Kg7
{[%clk 0:01:18]} 74. g6 {[%clk 0:00:17]} fxg6 {[%clk 0:01:20]} 1-0

[Event "dgcs"]
[Site "Ostrow Wielkopolski"]
[Date "2019.10.04"]
[Round "8.4"]
[White "Delega, Tomasz"]
[Black "Przybylski, Wojciech"]
[Result "0-1"]
[BlackElo "2286"]
[WhiteElo "2004"]
[LiveChessVersion "1.4.8"]

1. d4 {[%clk 0:10:06]} Nf6 {[%clk 0:09:56]} 2. Nf3 {[%clk 0:10:08]} d5
{[%clk 0:09:54]} 3. c4 {[%clk 0:09:55]} c6 {[%clk 0:09:55]} 4. e3
{[%clk 0:09:42]} Bf5 {[%clk 0:09:55]} 5. Nc3 {[%clk 0:09:42]} e6 {[%clk 0:09:55]}
6. Be2 {[%clk 0:09:35]} Nbd7 {[%clk 0:09:50]} 7. Nh4 {[%clk 0:09:33]} Bg6
{[%clk 0:09:48]} 8. Nxg6 {[%clk 0:09:33]} hxg6 {[%clk 0:09:48]} 9. cxd5
{[%clk 0:09:17]} exd5 {[%clk 0:09:37]} 10. f3 {[%clk 0:08:48]} Bd6
{[%clk 0:09:32]} 11. e4 {[%clk 0:07:38]} dxe4 {[%clk 0:09:21]} 12. fxe4
{[%clk 0:07:37]} Rxh2 {[%clk 0:07:51]} 13. O-O {[%clk 0:06:25]} Ng4
{[%clk 0:05:02]} 14. Bxg4 {[%clk 0:05:21]} Qh4 {[%clk 0:04:51]} 15. Bh3
{[%clk 0:05:02]} Rxh3 {[%clk 0:04:50]} 16. gxh3 {[%clk 0:03:34]} Qg3+
{[%clk 0:04:52]} 0-1

[Event "dgcs"]
[Site "Ostrow Wielkopolski"]
[Date "2019.10.04"]
[Round "8.5"]
[White "Lewandowski, Krzysztof"]
[Black "Andrejczuk, Beata"]
[Result "0-1"]
[BlackElo "1981"]
[WhiteElo "2081"]
[LiveChessVersion "1.4.8"]

1. d4 {[%clk 0:10:03]} Nf6 {[%clk 0:10:05]} 2. c4 {[%clk 0:10:05]} c5
{[%clk 0:10:06]} 3. d5 {[%clk 0:10:06]} b5 {[%clk 0:10:08]} 4. cxb5
{[%clk 0:10:07]} a6 {[%clk 0:10:09]} 5. Nc3 {[%clk 0:10:08]} axb5
{[%clk 0:10:01]} 6. e4 {[%clk 0:10:10]} b4 {[%clk 0:09:58]} 7. Nb5
{[%clk 0:10:11]} d6 {[%clk 0:09:49]} 8. Bf4 {[%clk 0:10:11]} g6 {[%clk 0:09:44]}
9. e5 {[%clk 0:10:11]} dxe5 {[%clk 0:08:26]} 10. Bxe5 {[%clk 0:10:12]} Na6
{[%clk 0:08:02]} 11. d6 {[%clk 0:08:54]} Bg7 {[%clk 0:07:28]} 12. Nc7+
{[%clk 0:08:35]} Nxc7 {[%clk 0:07:22]} 13. dxc7 {[%clk 0:08:34]} Qxd1+
{[%clk 0:07:08]} 14. Rxd1 {[%clk 0:08:35]} O-O {[%clk 0:07:02]} 15. Bc4
{[%clk 0:07:51]} Bb7 {[%clk 0:06:13]} 16. Nf3 {[%clk 0:07:49]} Ne4
{[%clk 0:05:41]} 17. O-O {[%clk 0:07:17]} Bxe5 {[%clk 0:05:17]} 18. Nxe5
{[%clk 0:07:16]} Nd6 19. Bd5 {[%clk 0:05:42]} Ra7 {[%clk 0:04:28]} 20. Bb3
{[%clk 0:02:36]} Ba6 {[%clk 0:04:02]} 21. Rfe1 {[%clk 0:02:07]} Rxc7
{[%clk 0:04:00]} 22. Nf3 {[%clk 0:01:51]} c4 {[%clk 0:03:36]} 23. Ba4
{[%clk 0:01:46]} Ra8 {[%clk 0:03:25]} 24. b3 {[%clk 0:01:36]} c3 {[%clk 0:03:05]}
25. Rd4 {[%clk 0:01:36]} c2 {[%clk 0:02:35]} 26. Rc1 {[%clk 0:01:38]} Nf5
{[%clk 0:02:15]} 27. Rd2 {[%clk 0:01:31]} Rac8 {[%clk 0:02:07]} 28. Bd7
{[%clk 0:01:12]} Rd8 {[%clk 0:01:48]} 29. Bxf5 {[%clk 0:01:13]} Rxd2
{[%clk 0:01:49]} 30. Nxd2 {[%clk 0:01:14]} gxf5 {[%clk 0:01:49]} 31. f3
{[%clk 0:01:07]} Bd3 {[%clk 0:01:45]} 32. Kf2 {[%clk 0:01:08]} f4
{[%clk 0:01:43]} 33. Nc4 {[%clk 0:00:39]} Ra7 {[%clk 0:01:40]} 34. Ne5
{[%clk 0:00:26]} Bf5 {[%clk 0:01:37]} 35. g4 {[%clk 0:00:22]} fxg3+
{[%clk 0:01:38]} 36. hxg3 {[%clk 0:00:24]} Rxa2 {[%clk 0:01:38]} 37. g4
{[%clk 0:00:26]} Be6 {[%clk 0:01:38]} 38. Nd3 {[%clk 0:00:23]} Bxb3
{[%clk 0:01:37]} 39. Nxb4 {[%clk 0:00:25]} Rb2 {[%clk 0:01:38]} 40. Nd3
{[%clk 0:00:23]} Rb1 {[%clk 0:01:37]} 41. Ke3 {[%clk 0:00:24]} e5
{[%clk 0:01:34]} 42. Kd2 {[%clk 0:00:21]} f6 {[%clk 0:01:32]} 43. Ne1
{[%clk 0:00:16]} Kf7 {[%clk 0:01:19]} 44. Nd3 {[%clk 0:00:10]} Ba4
{[%clk 0:01:14]} 45. Re1 {[%clk 0:00:09]} Rxe1 {[%clk 0:01:06]} 46. Kxe1
{[%clk 0:00:10]} Ke7 {[%clk 0:00:54]} 47. Kd2 {[%clk 0:00:12]} Kd6
{[%clk 0:00:54]} 48. Nb2 {[%clk 0:00:15]} Bb3 {[%clk 0:00:54]} 49. Nd3
{[%clk 0:00:16]} Kd5 {[%clk 0:00:45]} 50. Kc3 {[%clk 0:00:18]} Ba4
{[%clk 0:00:44]} 51. Kb4 {[%clk 0:00:21]} Bc6 {[%clk 0:00:42]} 52. Kc3
{[%clk 0:00:22]} Kd6 {[%clk 0:00:40]} 53. Kd2 {[%clk 0:00:04]} Bxf3
{[%clk 0:00:38]} 54. Nf2 {[%clk 0:00:07]} e4 {[%clk 0:00:30]} 55. Kxc2
{[%clk 0:00:09]} Ke5 {[%clk 0:00:27]} 56. Kd2 {[%clk 0:00:11]} Kd4
{[%clk 0:00:28]} 57. Ke1 {[%clk 0:00:08]} e3 {[%clk 0:00:28]} 58. Nh3
{[%clk 0:00:08]} Bxg4 {[%clk 0:00:27]} 59. Nf4 {[%clk 0:00:10]} h5
{[%clk 0:00:29]} 60. Kf1 {[%clk 0:00:09]} Ke4 {[%clk 0:00:26]} 61. Ng6
{[%clk 0:00:08]} f5 {[%clk 0:00:25]} 62. Nh4 {[%clk 0:00:09]} f4 {[%clk 0:00:27]}
63. Ke1 {[%clk 0:00:08]} f3 {[%clk 0:00:28]} 64. Kf1 {[%clk 0:00:05]} Kd3
{[%clk 0:00:27]} 0-1

[Event "dgcs"]
[Site "Ostrow Wielkopolski"]
[Date "2019.10.04"]
[Round "8.6"]
[White "Pieczewski, Szymon"]
[Black "Bobrowski, Piotr"]
[Result "0-1"]
[BlackElo "1905"]
[WhiteElo "1744"]
[LiveChessVersion "1.4.8"]

1. c4 {[%clk 0:10:03]} g6 {[%clk 0:10:05]} 2. Nc3 {[%clk 0:10:05]} Bg7
{[%clk 0:10:06]} 3. g3 {[%clk 0:10:07]} e6 {[%clk 0:09:57]} 4. Bg2
{[%clk 0:10:06]} Ne7 {[%clk 0:09:57]} 5. Nf3 {[%clk 0:10:07]} O-O
{[%clk 0:09:58]} 6. d4 {[%clk 0:10:08]} d5 {[%clk 0:09:56]} 7. cxd5
{[%clk 0:10:06]} Nxd5 8. e4 {[%clk 0:10:04]} Nxc3 {[%clk 0:09:47]} 9. bxc3
{[%clk 0:10:01]} c5 10. O-O {[%clk 0:09:47]} Nc6 {[%clk 0:09:15]} 11. Bb2
{[%clk 0:09:49]} Qb6 {[%clk 0:09:09]} 12. Rb1 {[%clk 0:09:45]} Rd8
{[%clk 0:08:42]} 13. Ba3 Qa5 14. Bb2 {[%clk 0:09:17]} Qxa2 {[%clk 0:08:19]} 15.
Re1 Qc4 {[%clk 0:08:16]} 16. Bf1 {[%clk 0:08:12]} Qa2 {[%clk 0:08:04]} 17. Re2
{[%clk 0:07:45]} Qa5 {[%clk 0:07:31]} 18. Ra1 {[%clk 0:07:22]} Qc7 19. Bg2
{[%clk 0:07:12]} a6 {[%clk 0:06:50]} 20. d5 {[%clk 0:07:12]} b5 {[%clk 0:06:12]}
21. Rd2 {[%clk 0:06:53]} Ne5 {[%clk 0:05:45]} 22. d6 Qb6 23. Nxe5
{[%clk 0:05:58]} Bxe5 {[%clk 0:05:46]} 24. f4 Bg7 {[%clk 0:05:21]} 25. e5
{[%clk 0:06:02]} Bb7 {[%clk 0:05:21]} 26. h3 {[%clk 0:05:54]} c4+
{[%clk 0:05:16]} 27. Kh2 {[%clk 0:05:38]} f6 28. Qe1 {[%clk 0:05:40]} Bxg2
{[%clk 0:04:52]} 29. Rxg2 {[%clk 0:05:42]} fxe5 {[%clk 0:04:07]} 30. fxe5
{[%clk 0:05:42]} Ra7 {[%clk 0:04:04]} 31. Bc1 {[%clk 0:05:42]} Rf7
{[%clk 0:04:00]} 32. Be3 {[%clk 0:05:38]} Qc6 {[%clk 0:03:47]} 33. Bd4
{[%clk 0:05:22]} Ra8 34. Rga2 {[%clk 0:05:16]} Rf3 {[%clk 0:03:45]} 35. Qe2
{[%clk 0:05:11]} Rd3 {[%clk 0:03:46]} 36. Qg4 {[%clk 0:05:04]} Qd5
{[%clk 0:03:20]} 37. h4 {[%clk 0:04:42]} b4 {[%clk 0:03:01]} 38. d7
{[%clk 0:03:49]} bxc3 39. Ra5 Rd2+ {[%clk 0:02:59]} 40. Kh3 {[%clk 0:03:49]} Qg2#
{[%clk 0:03:01]} 0-1